Music Quiz

Random Music or Song Quiz

Song Title in Pictures Quiz Stats

 Plays Quiz not verified by Sporcle

Challenge
Share
Tweet
Score 0/14 Timer 10:00
0 Plays Today
No. Answer % Correct
4Strawberry Fields
96.7%
3Video Killed The Radio Star
91.7%
7Diamonds
91.7%
1Purple Rain
88.3%
5Message in a Bottle
86.7%
14God Save The Queen
78.3%
10Walking on Sunshine
70%
No. Answer % Correct
2Footprints in the Sand
56.7%
11Buffalo Soldier
56.7%
9Surfin' Bird
50%
8Sugar We're Going Down
43.3%
6Material Girl
33.3%
12Fast Love
10%
13Letter to Hermione
5%

You're not logged in!

Compare scores with friends on all Sporcle quizzes.
Join for Free
OR
Log In

You Might Also Like...

Show Comments

Extras

Created Aug 6, 2013ReportFavoriteNominate
Tags:Song Quiz

Top Quizzes Today


Score Distribution

Your Account Isn't Verified!

In order to create a playlist on Sporcle, you need to verify the email address you used during registration. Go to your Sporcle Settings to finish the process.

Report this User

Report this user for behavior that violates our Community Guidelines.

Details: